00676nam a22002057a 450000500170000001000150001702000260003203500130005803700130007108200110008424500660009526000390016127000450020030000240024570000170026970000180028694200250030499900170032995201240034620140304104152.0 aENG-108761 c550.00a9788184247527 aEN-92294 bDBAD/PUB a333.91 aWater governance /cedited by R. K. Mishra [and] Samanta Sahu aNew DelhibAllied Publishersc2012 a1/13-14 Asif Ali RoadbNew Delhie110002 axii,254p.c24cm(Hb) aMishra, R.K. aSahu, Samanta 2ddccENmWATh333.91 c81125d81125 001040718NFICaDBADbDBADd2013-12-16eDBAD/PUBg550.00l0o333.91 WATpEN-92294r2013-12-16 00:00:00t1v550.00yEN